logo

Bir Sreshtho Munshi Abdur Rouf Library
Jhenaidah Cadet College

Writing the executive report / (Record no. 7744)

MARC details
000 -LEADER
fixed length control field 00549nam a2200217 a 4500
001 - CONTROL NUMBER
JCCL Control Number 7744
003 - CONTROL NUMBER IDENTIFIER
JCCL marc code BD-JhCC
005 - DATE AND TIME OF LATEST TRANSACTION
control field 20181006102149.0
008 - FIXED-LENGTH DATA ELEMENTS--GENERAL INFORMATION
fixed length control field 180213b1966 e |||| ||a| 000 0 eng d
035 ## - SYSTEM CONTROL NUMBER
system control number (BD-JhCC) 7744
040 ## - CATALOGING SOURCE
Original cataloging agency BD-JhCC
Modifying agency BD-JhCC
041 ## - LANGUAGE CODE
Language code of Book eng
082 ## - DEWEY DECIMAL CLASSIFICATION NUMBER
Classification number 808.066
Author mark and Year IRO 1966
100 ## - MAIN ENTRY--PERSONAL NAME
Personal name Ironman, Ralph
245 ## - TITLE STATEMENT
Title Writing the executive report /
Statement of responsibility, etc Ralph Ironman
260 ## - PUBLICATION, DISTRIBUTION, ETC. (IMPRINT)
Place of publication, distribution, etc London :
Name of publisher, distributor, etc HEINEMANN : LONDON ,
Date of publication, distribution, etc 1966
300 ## - PHYSICAL DESCRIPTION
Pagination 145 p .:
Dimensions 22 cm .
650 ## - SUBJECT ADDED ENTRY--TOPICAL TERM
Topical term or geographic name as entry element Report Wtiting
942 ## - ADDED ENTRY ELEMENTS (KOHA)
Source of classification or shelving scheme Dewey Decimal Classification
Koha item type Books
Holdings
Source of classification or shelving scheme Damaged status Not for loan Home library Current library Shelving location Date of accession Cost, normal purchase price Total Checkouts Full call number Barcode Date last seen Copy number Koha item type
Dewey Decimal Classification     JCC Rouf Library JCC Rouf Library General Stacks 02/13/2018 10.00   808.066 IRO 1966 10322 02/13/2018 C - 1 Books

JCC Library | Contacts | JCC Home

Last Update on 23 September 2017
Copyright @ 2017-2020 JCC Rouf Library
Rouf Library, Jhenidah Cadet College (JCC), Bangladesh